Thị trường chứng khoán

保存先:
書誌詳細
第一著者: Lê, Văn Tư
フォーマット: 図書
言語:Undetermined
出版事項: Thành phố Hồ Chí Minh Thống kê 2005
主題:
タグ: タグ追加
タグなし, このレコードへの初めてのタグを付けませんか!
Thư viện lưu trữ: Trung tâm Học liệu Trường Đại học Cần Thơ
LEADER 00545nam a2200193Ia 4500
001 CTU_100887
008 210402s9999 xx 000 0 und d
020 |c 70000 
082 |a 332.642 
082 |b T550 
100 |a Lê, Văn Tư 
245 0 |a Thị trường chứng khoán 
245 0 |c Lê Văn Tư 
260 |a Thành phố Hồ Chí Minh 
260 |b Thống kê 
260 |c 2005 
650 |a Bank marketing,Stock exchanges 
904 |i Tuyến 
980 |a Trung tâm Học liệu Trường Đại học Cần Thơ